[Event "Julian Mazur Memorial"]
[Site "Wellington Chess Club"]
[Date "2013.11.07"]
[Round "3"]
[White "Whittle, Jonathon"]
[Black "Stone, Andrew"]
[Result "0-1"]
[WhiteElo "1736"]
[BlackElo "2076"]

1. Nf3 Nf6 2. c4 g6 3. b4 Bg7 4. Bb2 c6 5. g3 O-O 6. Bg2 d5 7. O-O a5 8. b5
dxc4 9. bxc6 Nxc6 10. Na3 Nb4 11. Nxc4 Be6 12. a3 Bxc4 13. axb4 axb4 14. d3 Bd5
15. e4 Bc6 16. Nd4 Qb6 17. Qb3 Nd7 18. Nxc6 bxc6 19. Bxg7 Kxg7 20. Rab1 Rfb8
21. Rfd1 e5 22. Qb2 b3 23. Bh3 {#Diagram} 23... Ra2 $1 24. Qxa2 bxa2 25. Rxb6
Rxb6 {White can grab a piece but Black promotes as ...Rb1 is unstoppable} 0-1

[Event "Julian Mazur Memorial"]
[Site "Wellington Chess Club"]
[Date "2013.11.07"]
[Round "3"]
[White "Wilkins, Mark"]
[Black "Tionko, Efrain"]
[Result "0-1"]
[WhiteElo "1901"]
[BlackElo "1844"]

1. d4 Nf6 2. Bg5 Ne4 3. Bf4 d5 4. f3 Nd6 5. e3 Bf5 6. Nc3 e6 7. Nge2 Nc6 8. Ng3
Bg6 9. a3 a6 10. e4 dxe4 11. fxe4 Qh4 12. Qd2 Be7 13. O-O-O O-O 14. e5 Nf5 15.
Nxf5 Bxf5 16. g3 Qh5 17. h3 Rad8 {#Diagram} 18. g4 $5 {A brave positional
sacrifice. The computer unsurprisingly hates giving up material like this, but
White gets good play} 18... Bxg4 19. hxg4 Qxh1 20. Bd3 Qh3 21. Ne2 h6 22. c3
Bg5 23. Bxg5 hxg5 24. Qxg5 Qh6 25. Qxh6 gxh6 26. Nf4 Kg7 27. Nh5+ Kg8 28. Nf6+
{White's knight is now clearly worth a rook, so White is at least equal} 28...
Kg7 29. Nh5+ Kg8 30. Be4 {White decides to press for more than a draw, good
man.} 30... a5 31. Rf1 Ne7 32. Rf6 Ng6 33. Bxg6 fxg6 34. Rxg6+ Kh7 35. Rxe6
Rf1+ 36. Kc2 Rdf8 37. Nf6+ R8xf6 38. exf6 Kg6 39. f7+ Kg7 {#Diagram} 40. Re2 $2
(40. Re7 $1 {Wins. Play the pawn ending a pawn up!} ) 40... Rxf7 41. a4 Kg6 42.
Kd2 b6 43. Rg2 Kg5 44. Ke3 Rf4 45. b4 Rxg4 46. Rxg4+ $4 {Don't play the pawn
ending a pawn down!} 46... Kxg4 47. Kf2 Kf4 48. Ke2 Ke4 49. bxa5 bxa5 50. Kd2
h5 0-1

[Event "Julian Mazur Memorial"]
[Site "Wellington Chess Club"]
[Date "2013.11.14"]
[Round "4"]
[White "Aldridge, Alan"]
[Black "Whittle, Jonathon"]
[Result "1-0"]
[WhiteElo "1990"]
[BlackElo "1736"]

1. b3 d6 2. Bb2 Nf6 3. Nc3 g6 4. e4 Bg7 5. d4 Nbd7 6. Nf3 O-O 7. Bd3 Nh5 8. Qd2
e5 9. Ne2 exd4 10. Bxd4 Ne5 11. Nxe5 Bxe5 12. Bxe5 dxe5 13. O-O-O Be6 14. f3
Qe7 15. g4 Ng7 16. Qh6 a5 17. h4 Qa3+ 18. Kb1 a4 19. Nc1 axb3 20. cxb3 Ra6 21.
Bxa6 bxa6 22. h5 Rb8 23. Rd3 c5 24. hxg6 fxg6 25. Qxh7+ Kf7 26. Rh6 c4 27.
Qxg6+ Kf8 28. Rh8+ Bg8 29. Qf6+ 1-0

[Event "Julian Mazur Memorial"]
[Site "Wellington Chess Club"]
[Date "2013.11.14"]
[Round "4"]
[White "Brockway, Andrew"]
[Black "Jackson, Ross"]
[Result "0-1"]
[WhiteElo "1770"]
[BlackElo "1990"]

1. e4 c5 2. Nc3 Nc6 3. Bb5 Nf6 4. Bxc6 bxc6 5. f4 d5 6. e5 d4 7. exf6 dxc3 8.
bxc3 gxf6 9. Rb1 Qd5 10. Qf3 Rg8 11. Qxd5 cxd5 12. g3 e5 13. Ne2 Ba6 14. fxe5
fxe5 15. Rf1 Rg6 16. d3 Bd6 17. Rf5 f6 18. Ba3 Kd7 19. Kd2 Ke6 20. Rf2 Rc8 21.
Re1 Kd7 22. Ref1 Be7 23. d4 cxd4 24. Bxe7 Bxe2 25. Rxe2 dxc3+ 26. Kd3 Kxe7 27.
Rb1 Rc7 28. Rb3 Rg4 29. Ke3 Ra4 30. a3 Kd6 31. Rf2 Ke6 32. Kd3 e4+ 33. Ke3 Ke5
34. Ke2 f5 35. Rf4 a6 36. Rb8 Rf7 37. Re8+ Kf6 38. g4 Kg5 39. Rxf5+ Rxf5 40.
gxf5 Kxf5 41. Rf8+ Ke5 42. Ke3 d4+ 43. Ke2 Rc4 44. Re8+ Kf5 45. Rf8+ Kg6 46.
Rg8+ Kh6 47. Re8 d3+ 48. Kd1 d2 49. Re6+ Kg5 50. Rxa6 e3 51. Re6 Rf4 52. Rd6
Rf1+ 53. Ke2 Re1+ 0-1

[Event "Julian Mazur Memorial"]
[Site "Wellington Chess Club"]
[Date "2013.11.14"]
[Round "4"]
[White "Cunningham, Patrick"]
[Black "Konakanchi, Karthik"]
[Result "1/2-1/2"]
[WhiteElo "1590"]
[BlackElo "927"]

1. e4 e5 2. Nf3 Nc6 3. Bb5 Bc5 4. O-O d6 5. d4 exd4 6. Nxd4 Bd7 7. Be3 Nxd4 8.
Bxd7+ Qxd7 9. Bxd4 Bxd4 10. Qxd4 Nf6 11. Nc3 O-O 12. Rfe1 c5 13. Qd3 Rfe8 14.
Rad1 Rad8 15. h3 h5 16. Nd5 Nxd5 17. Qxd5 Re5 18. Qxe5 dxe5 19. Rxd7 Rxd7 20.
Re2 b6 21. f3 f6 22. Kf2 Kf7 23. Ke3 g5 24. Rd2 Rxd2 25. Kxd2 Ke6 26. g4 h4 27.
Kc3 Kd6 28. Kc4 Kc6 29. a4 a6 30. c3 b5+ 31. axb5+ axb5+ 32. Kb3 c4+ 33. Kb4
Kb6 34. b3 cxb3 35. Kxb3 Kc5 36. Kc2 b4 37. Kb3 bxc3 38. Kxc3 Kb5 39. Kb3 Kc5
40. Kc3 1/2-1/2

[Event "Julian Mazur Memorial"]
[Site "Wellington Chess Club"]
[Date "2013.11.14"]
[Round "4"]
[White "Farrington, Lawrence"]
[Black "Aumeier, Beate"]
[Result "1-0"]
[WhiteElo "1761"]
[BlackElo "992"]

1. e4 e5 2. Nf3 Nc6 3. Nc3 Nf6 4. Bb5 Bc5 5. O-O O-O 6. Nxe5 Nxe5 7. d4 Bxd4 8.
Qxd4 Nc6 9. Bxc6 bxc6 10. Bg5 d6 11. Rad1 c5 12. Qd3 h6 13. Bh4 g5 14. Bg3 Nh5
15. e5 Rb8 16. b3 Rb4 17. exd6 Rd4 18. Qf3 Bg4 19. Qc6 Bxd1 20. Rxd1 Rxd1+ 21.
Nxd1 Nxg3 22. hxg3 cxd6 23. Ne3 Re8 24. Qf3 Qa5 25. Qd1 Re6 26. a4 Kf8 27. Kh2
Qd8 28. Qa1 Ke7 29. Qg7 Kd7 30. Qxf7+ Qe7 31. Qf3 Ke8 32. Qa8+ Kf7 33. Qh8 Qf6
34. Qh7+ Ke8 35. Qg8+ Kd7 36. Qh7+ Ke8 37. Qg8+ Kd7 38. Qh7+ Kd8 39. Kg1 Re7
40. Qg8+ Re8 41. Qd5 Rf8 42. Qa8+ Kd7 43. Qxa7+ Ke8 44. Qa8+ Kf7 45. Qd5+ Ke8
46. Qc6+ Kd8 47. Qb6+ Kd7 48. Qb5+ Ke6 49. Qc4+ Kd7 50. Qe2 Ke8 51. Nd5+ Qe5
52. Qxe5+ dxe5 53. Kf1 e4 54. Ne3 Kd7 55. Ke2 Ke6 56. f3 Ke5 57. Ng4+ Kd4 58.
Kd2 h5 59. c3+ Kd5 60. Ne3+ Ke5 61. Nc4+ Kd5 62. Ke3 Re8 63. f4 gxf4+ 64. gxf4
h4 65. Ne5 Rg8 66. c4+ Ke6 67. Kf2 Kf5 68. Nd7 Kxf4 69. Nxc5 e3+ 70. Kf1
{#Diagram} 70... Re8 (70... e2+ $3 {forcing through one of the pawns is a
beautiful finish} ) 71. Nd3+ Kg3 72. Ne1 e2+ 73. Kg1 Kg4 74. Kf2 h3 75. gxh3+
Kxh3 76. b4 Kg4 77. c5 Re4 78. Nc2 Kf4 79. a5 Re6 80. c6 Rxc6 81. Nd4 Rc4 82.
Nxe2+ Ke4 83. b5 Rc5 84. a6 Rxb5 85. Nc3+ 1-0

[Event "Julian Mazur Memorial"]
[Site "Wellington Chess Club"]
[Date "2013.11.14"]
[Round "4"]
[White "Forster, Bill"]
[Black "Timergazi, Layla"]
[Result "1/2-1/2"]
[WhiteElo "2071"]
[BlackElo "1889"]

1. g3 d5 2. Bg2 c6 3. c4 Nf6 4. Nf3 g6 5. O-O Bg7 6. Qa4 O-O 7. d3 Nbd7 8. Nbd2
dxc4 9. Qxc4 Nb6 10. Qc2 Nfd5 11. a3 Nc7 12. Rb1 Nb5 13. a4 Nd4 14. Nxd4 Qxd4
15. a5 Nd5 16. Nf3 Qf6 17. b4 Qc3 18. Qa4 Qf6 19. Bb2 Qe6 20. Bxg7 Kxg7 21.
Qa1+ Kg8 22. Qb2 Qf6 23. Rfc1 Qxb2 24. Rxb2 a6 25. Ne5 Be6 26. Nc4 Rad8 27. Nd2
Nf6 28. Nb3 1/2-1/2

[Event "Julian Mazur Memorial"]
[Site "Wellington Chess Club"]
[Date "2013.11.14"]
[Round "4"]
[White "Kay, Bruce"]
[Black "Dive, Russell"]
[Result "0-1"]
[WhiteElo "1825"]
[BlackElo "2421"]

1. d4 Nf6 2. c4 e6 3. Nc3 Bb4 4. e3 O-O 5. Bd3 c5 6. Nf3 Nc6 7. O-O d5 8. a3
Bxc3 9. bxc3 dxc4 10. Bxc4 Qe7 11. Bd3 e5 12. Qc2 Re8 13. e4 h6 14. Nxe5 Nxe5
15. dxe5 Ng4 16. Bc4 Qxe5 17. f4 Qxe4 18. Bd3 Qd5 19. Rd1 Qh5 ( {Arthur Pomeroy
points out that} 19... c4 {immediately is even stronger, eg} 20. Bh7+ Kh8 {and the queen
cannot be taken because of mate, so Black cannot prevent Qc5+ which is
terminal, eg} 21. Rf1 Qc5+ 22. Kh1 Nf2+ 23. Kg1 Nd3+ 24. Kh1 Kxh7) 20. h3 c4 $1
{Offering a sacrifice} 21. Bh7+ Kh8 {#Diagram} 22. hxg4 $2 {Accepting it is
fatal, Russell wraps up in classy style} 22... Bxg4 23. Rf1 Re2 24. Bd2 Rd8 25.
Rad1 Qd5 26. Rf2 Rxf2 27. Kxf2 Bxd1 28. Qxd1 Qxd2+ 29. Qxd2 Rxd2+ 30. Ke3 Rxg2
{White lost on time} 0-1

[Event "Julian Mazur Memorial"]
[Site "Wellington Chess Club"]
[Date "2013.11.14"]
[Round "4"]
[White "Ker, Anthony"]
[Black "Wastney, Scott"]
[Result "0-1"]
[WhiteElo "2422"]
[BlackElo "2447"]

1. e4 e5 2. Nf3 Nc6 3. d4 exd4 4. Nxd4 Bc5 5. Nxc6 Qf6 6. Qd2 dxc6 7. Bd3 Qe7
{Now if 8.Nc3 then Nf6 brings the game back to a theoretical line that we have
already played each other in 3 games his year.  Instead Anthony tries something
original. } 8. Qe2 Nf6 9. Be3 $5 {An interesting pawn sacrifice.} 9... Bxe3 10.
Qxe3 Qb4+ 11. Nd2 Qxb2 12. O-O Ng4 13. Qg3 Qe5 14. f4 Qc5+ 15. Kh1 h5 {#Diagram
It was this position that appealed to me when I accepted the pawn.  I thought
that White was practically forced to play h3 now, otherwise my pawn marches to
h3 itself.  Anthony had a different opinion - he didn't want to waste time with
h3 and if my pawn got to h3 it would become a weak pawn that could later be
rounded up. } 16. Rab1 h4 17. Qe1 h3 18. g3 b6 {I thought I had a clear
advantage here.  After playing through the rest of the game with a chess
engine, I am pretty happy with each of my moves from here.} 19. Nb3 Qe3 20. Be2
O-O (20... Bd7 {would be a blunder } 21. Bxg4 Qxe1 22. Bxd7+ {and white wins }
)  (20... Qxe4+ { is also a blunder} 21. Bf3) 21. Bf3 Bd7 22. Nc1 Qxe1 23. Rxe1
Rad8 24. Nd3 Rfe8 25. Kg1 {In general White never wants to exchange his bishop
for the knight on g4, as Black would control all the lines.  For example: }  (
25. Bxg4 Bxg4 26. Ne5 {And here I was planning to sacrifice the exchange with }
26... Rxe5 27. fxe5 Bf3+ 28. Kg1 Rd2 {with a winning position for Black. } )
25... c5 26. Rbd1 g6 27. a3 Bc8 28. Nf2 Nxf2 29. Kxf2 Rd4 30. Re3 Red8 31. Red3
Ba6 32. Rxd4 Rxd4 33. Rxd4 cxd4 34. Bg4 Bb7 35. Bf3 (35. Kf3 f5 $1) 35... c5
36. g4 Bc6 37. Ke2 f6 38. g5 fxg5 39. fxg5 Kf7 40. c3 dxc3 41. Kd3 Ke6 42. Bg4+
Ke5 43. Bxh3 Bxe4+ 44. Kxc3 Kf4 45. Kc4 Bc6 46. Be6 Kxg5 47. Kc3 Kf6 48. Bc4 g5
49. Kd3 Ke5 50. Ke3 b5 51. Be2 b4 52. axb4 cxb4 53. Bc4 a5 54. Kd3 Be4+ 55. Kd2
a4 56. Kc1 Kd4 0-1

[Event "Julian Mazur Memorial"]
[Site "Wellington Chess Club"]
[Date "2013.11.14"]
[Round "4"]
[White "Nyberg, Michael"]
[Black "Roberts, Michael"]
[Result "1-0"]
[WhiteElo "2027"]
[BlackElo "1781"]

1. e4 e5 2. Nc3 Nc6 3. Bc4 Nf6 4. d3 Be7 5. Be3 O-O 6. h3 Na5 7. Bb5 a6 8. Ba4
b5 9. Bb3 Nxb3 10. axb3 Bb7 11. Nf3 d6 12. g4 b4 13. Ne2 Nd7 14. Ng3 d5 15.
exd5 Bxd5 16. Nf5 Bc5 17. Bxc5 Nxc5 18. Ra5 Bxf3 19. Qxf3 Nd7 20. Qc6 Qg5 21.
O-O g6 22. Qxd7 gxf5 23. Rxe5 1-0

[Event "Julian Mazur Memorial"]
[Site "Wellington Chess Club"]
[Date "2013.11.14"]
[Round "4"]
[White "Sellen, Ian"]
[Black "Wilkins, Mark"]
[Result "1-0"]
[WhiteElo "2072"]
[BlackElo "1901"]

1. c4 Nf6 2. Nc3 e6 3. Nf3 Nc6 4. g3 d5 5. d4 Bb4 6. e3 O-O 7. Qd3 Re8 8. Bg2
Na5 9. Nd2 dxc4 10. Nxc4 c5 11. a3 Bxc3+ 12. bxc3 cxd4 13. cxd4 e5 14. Nxa5
Qxa5+ 15. Bd2 Qa4 16. dxe5 Rxe5 17. O-O Bf5 18. Qd4 Qxd4 19. exd4 Re2 20. Bf4
Be4 21. f3 Bd5 22. Rfe1 Rae8 23. Rxe2 Rxe2 24. Rd1 h6 25. Rd2 Rxd2 26. Bxd2 Kf8
27. Kf2 Nd7 28. Ke3 Nb6 29. Bb4+ Ke8 30. h4 Nc4+ 31. Kf4 a5 32. Bc3 b6 33. a4
Ke7 34. Bf1 Nd6 35. Bd3 f6 36. g4 g5+ 37. hxg5 hxg5+ 38. Ke3 Bb3 39. d5 Bxa4
40. Bd4 b5 41. Bb6 Nb7 42. Kd4 Kd6 43. Bf5 Ke7 44. Bc8 Nd6 45. Be6 Bd1 46. Bxa5
Bxf3 47. Bb4 Be2 48. Kc3 Bf3 49. Bc5 {#Diagram White threatens Kb4-a5-b6-c7
winning the knight and Black has one necessary but (just) sufficient defence -
Be4-g6-e8-d7xe6 } 49... Bg2 $2 ( {So} 49... Be4 $1 50. Kb4 Bg6 51. Ka5 Be8 52.
Kb6 Bd7 53. Kc7 Bxe6 54. Bxd6+ Kf7 55. dxe6+ Kxe6 {and Black can collect
White's only pawn because it is fixed on a White square and White's king is
offside. In these sort of situations it is hard to attach blame to a human
being like Mark - it's really necessary to be a computer!} ) 50. Kb4 Bf1 51.
Ka5 Be2 52. Kb6 Bd3 53. Kc6 Kf8 54. Bxd6+ Kg7 55. Bc5 Kg6 56. d6 1-0

[Event "Julian Mazur Memorial"]
[Site "Wellington Chess Club"]
[Date "2013.11.14"]
[Round "4"]
[White "Sknar, Andrew"]
[Black "Sknar, Andrew"]
[Result "1-0"]
[WhiteElo "1370"]
[BlackElo "958"]

1. e4 e5 2. h4 Nf6 3. Nc3 Nc6 4. Nf3 Bc5 5. Bc4 h6 6. Qe2 Ng4 7. d4 exd4 8. Nd5
Nge5 9. Bf4 Nxf3+ 10. Qxf3 d6 11. Nb4 Nxb4 12. Bg5 hxg5 13. Qxf7# 1-0

[Event "Julian Mazur Memorial"]
[Site "Wellington Chess Club"]
[Date "2013.11.14"]
[Round "4"]
[White "Stoeveken, Peter"]
[Black "Pomeroy, Arthur"]
[Result "0-1"]
[WhiteElo "1910"]
[BlackElo "2113"]

1. d4 Nf6 2. Bg5 Ne4 3. Bh4 c5 4. f3 g5 5. Bg3 Nxg3 6. hxg3 Bg7 7. c3 Qc7 8.
Kf2 cxd4 9. cxd4 Qb6 {#Diagram} 10. Qc2 (10. e3 $1 {is forced with an
interesting game in prospect} ) 10... Bxd4+ $1 {game over} 11. e3 Qxb2 0-1

[Event "Julian Mazur Memorial"]
[Site "Wellington Chess Club"]
[Date "2013.11.14"]
[Round "4"]
[White "Stone, Andrew"]
[Black "Pandey, Alok"]
[Result "1/2-1/2"]
[WhiteElo "2076"]
[BlackElo "1901"]

1. e4 c5 2. d4 cxd4 3. c3 dxc3 4. Nxc3 Nc6 5. Nf3 d6 6. Bc4 a6 7. O-O Nf6 8. b4
Bg4 9. b5 Bxf3 10. gxf3 Ne5 11. bxa6 bxa6 12. Qa4+ Ned7 13. f4 e6 14. Rd1 Ng4
15. h3 Qh4 16. hxg4 Qxg4+ 17. Kh2 Qh4+ 1/2-1/2

[Event "Julian Mazur Memorial"]
[Site "Wellington Chess Club"]
[Date "2013.11.14"]
[Round "4"]
[White "Stracy, Don"]
[Black "Marney, John"]
[Result "1-0"]
[WhiteElo "1851"]
[BlackElo "1600"]
[TimeControl "4500+30"]

1. e4 e6 2. d4 d5 3. Nd2 Nf6 4. e5 Nfd7 5. f4 c5 6. c3 Nc6 7. Ndf3 c4 8. g3 f6
9. Kf2 Be7 10. Kg2 O-O 11. b3 b5 12. a4 a6 13. axb5 Na7 14. bxc4 Nb6 15. c5 Nd7
16. bxa6 Nb8 17. Be3 Nac6 18. Qc2 Nxa6 19. Bxa6 Bxa6 20. Ne2 Qd7 21. Rhb1 Ra7
22. Nc1 Rfa8 23. Nb3 Bd8 24. Nfd2 Qf7 25. Nf3 Qd7 26. Kf2 Qf7 27. Rc1 Qd7 28.
Kg1 Qf7 29. Qf2 Qd7 30. Nbd2 Qf7 31. Ra2 Ba5 32. Rb2 Qe7 33. Nb3 Bd8 34. Nfd2
Bd3 35. Nf3 Ra3 36. Rd1 Bc4 37. Nfd2 Bxb3 38. Nxb3 Qa7 39. Rdb1 Kf7 40. Qc2 Kg8
41. Nd2 Ra1 42. Rxa1 Qxa1+ 43. Rb1 Qa6 44. Qb2 Qc8 45. Qb7 Qxb7 46. Rxb7 Ra1+
47. Kg2 Ra3 48. Rb3 Ra6 49. Kf3 Kf7 50. c4 Ba5 51. cxd5 Nxd4+ 52. Bxd4 Bxd2 53.
dxe6+ Rxe6 54. g4 g5 55. f5 Bf4 56. fxe6+ 1-0

[Event "Julian Mazur Memorial"]
[Site "Wellington Chess Club"]
[Date "2013.11.14"]
[Round "4"]
[White "Tionko, Efrain"]
[Black "Van der Hoorn, Mark"]
[Result "0-1"]
[WhiteElo "1844"]
[BlackElo "2230"]

1. c4 e5 2. g3 Nc6 3. Bg2 f5 4. d3 Nf6 5. Nc3 Bc5 6. e3 f4 7. Nge2 fxe3 8. fxe3
d6 9. O-O O-O 10. d4 Bb6 11. Nd5 Bg4 12. Nxb6 axb6 13. Qe1 Qe8 14. Bd2 Qh5 15.
Rf2 Bh3 16. dxe5 dxe5 17. Bb4 Nxb4 18. Qxb4 Bxg2 19. Rxg2 Qf3 20. Rf1
{#Diagram} 20... Qxf1+ $1 (20... Qxf1+ $1 21. Kxf1 Nd5+ 22. Qxf8+ Rxf8+ 23. Ke1
Nxe3 24. Rg1 Nxc4 {And Black is a couple of pawns up} )  (20... Qxe3+ $3 {is
even more convincing} 21. Kh1 Ng4 22. Qe1 Rxf1+ 23. Qxf1 Rf8 24. Qd1 Qf3 25.
Qd5+ Qxd5 26. cxd5 Nf2+ 27. Kg1 Nh3+ 28. Kh1 Rf1+ 29. Ng1 {#Diagram is a comical line -
White is only a pawn down but is suffering from advanced tetraplegia - he literally can't
move any piece, Black just promotes a pawn and gives mate} ) 0-1

[Event "Julian Mazur Memorial"]
[Site "Wellington Chess Club"]
[Date "2013.11.14"]
[Round "4"]
[White "Wevita, Roshan"]
[Black "Bennett, Ezra"]
[Result "1-0"]
[WhiteElo "1511"]
[BlackElo "853"]

1. e4 e5 2. Nf3 Nc6 3. Bc4 Nf6 4. Nc3 Bb4 5. d3 O-O 6. Bd2 Nd4 7. Nxe5 Qe7 8.
Nf3 Nxf3+ 9. Qxf3 d6 10. Nd5 Nxd5 11. Bxd5 Be6 12. Bxb4 Bxd5 13. O-O Be6 14.
Rfe1 Qg5 15. d4 Rae8 16. e5 Rd8 17. Qxb7 Bh3 18. Re3 Bxg2 19. Qxg2 Qxg2+ 20.
Kxg2 d5 21. Bxf8 Rxf8 22. f4 f6 23. e6 Re8 24. f5 g6 25. fxg6 hxg6 26. e7 Kf7
27. Rae1 f5 28. h4 f4 29. Re6 Kg7 30. Kf3 Kh6 31. Kxf4 Kh5 32. Kg3 g5 33. R6e5
c6 34. Rxg5+ Kh6 35. Kg4 Kh7 36. Kh5 Rg8 37. Rxg8 Kxg8 38. e8=Q+ Kg7 39. Re7+
1-0

[Event "Julian Mazur Memorial"]
[Site "Wellington Chess Club"]
[Date "2013.11.21"]
[Round "5"]
[White "Aumeier, Beate"]
[Black "Cunningham, Patrick"]
[Result "0-1"]
[WhiteElo "992"]
[BlackElo "1590"]

1. e4 e5 2. Nf3 Nc6 3. Bb5 a6 4. Bxc6 dxc6 5. Nxe5 Qd4 6. Ng4 Qxe4+ 7. Ne3 Nf6
8. h3 Bc5 9. d3 Qg6 10. O-O O-O 11. Nc3 Bxh3 12. Qf3 Bg4 13. Qg3 Bd6 14. Qh4
Be6 15. f3 Rad8 16. g4 Bf4 17. Ng2 Bxc1 18. Raxc1 Rd4 19. Ne4 Nxe4 20. dxe4 Bc4
21. c3 Rd2 22. Rf2 Qd6 23. Ne3 Be6 24. b3 Rd8 25. Kg2 Qf4 26. Re1 h6 27. c4
R8d3 28. Ree2 Rxe2 29. Rxe2 Rxe3 30. Qd8+ Kh7 31. Rxe3 Qxe3 32. Qxc7 Qd2+ 33.
Kg3 Qxa2 34. Qxb7 a5 35. Qxc6 Qxb3 36. e5 Qxc4 37. Qa8 a4 0-1

[Event "Julian Mazur Memorial"]
[Site "Wellington Chess Club"]
[Date "2013.11.21"]
[Round "5"]
[White "Bennett, Ezra"]
[Black "Theodosiou, Andreas"]
[Result "0-1"]
[WhiteElo "853"]
[BlackElo "1365"]

1. d4 Nf6 2. Nf3 d5 3. e3 e6 4. Bd3 c5 5. O-O c4 6. Be2 Be7 7. Nc3 Nc6 8. Ne5
O-O 9. b3 Bb4 10. Bb2 Nxe5 11. dxe5 Nd7 12. bxc4 Nxe5 13. Nxd5 Bd6 14. f4 Bc5
15. Bd4 Bxd4 16. Qxd4 Nc6 17. Qe4 exd5 18. cxd5 Re8 19. Qf3 Nb4 20. Rab1 Nxd5
21. f5 Rxe3 22. Qg4 Nf6 23. Rbd1 Qb6 24. Qd4 Qxd4 25. Rxd4 Bd7 26. Bg4 Rae8 27.
h3 Bc6 28. Bf3 Bxf3 29. Rxf3 Rxf3 30. gxf3 h5 31. Kf2 g6 32. fxg6 fxg6 33. Kg3
Re2 34. Rd6 Kf7 35. Rd8 Rxc2 36. Rb8 b6 37. Rb7+ Ke6 38. Rxa7 b5 39. Rb7 Rb2
40. a3 Rb3 41. Rb8 Ne4+ 42. Kf4 Nc3 43. Rg8 Nd5+ 44. Ke4 Nf6+ 45. Kf4 Nxg8 46.
Kg5 Ne7 47. Kh6 Rxf3 48. h4 Rf8 49. Kh7 Kf6 {Black Won} 0-1

[Event "Julian Mazur Memorial"]
[Site "Wellington Chess Club"]
[Date "2013.11.21"]
[Round "5"]
[White "Jackson, Ross"]
[Black "Sellen, Ian"]
[Result "1-0"]
[WhiteElo "1990"]
[BlackElo "2072"]

1. d4 d5 2. c4 e6 3. Nc3 Nf6 4. cxd5 exd5 5. Bg5 Be7 6. e3 O-O 7. Bd3 c6 8.
Nge2 Nbd7 9. Qc2 a5 10. O-O Re8 11. Rac1 Nf8 12. a3 h6 13. Bxf6 Bxf6 14. b4
axb4 15. axb4 b5 16. Ra1 Bg4 17. Ra2 Qd6 18. Rxa8 Rxa8 19. Rb1 Nd7 20. h3 Bxe2
21. Nxe2 Nb6 22. Qc5 Qxc5 23. bxc5 Nc4 24. Bf5 Ra2 25. Nf4 Kf8 26. Nd3 Na3 27.
Nb4 Nxb1 28. Nxa2 Na3 29. Nb4 g6 30. Bd7 Nb1 31. Bxc6 Nc3 32. Nxd5 Nxd5 33.
Bxd5 Bd8 34. Kf1 Ke7 35. Ke2 f6 36. Kd3 Kd7 37. Bf7 g5 38. Ke4 Ke7 39. Bb3 Ba5
40. g4 Be1 41. f3 Bd2 42. d5 Bc3 43. d6+ Kd7 44. Kd5 1-0

[Event "Julian Mazur Memorial"]
[Site "Wellington Chess Club"]
[Date "2013.11.21"]
[Round "5"]
[White "Konakanchi, Karthik"]
[Black "Wight, Joshua"]
[Result "1-0"]
[WhiteElo "927"]
[BlackElo "1231"]

1. e4 e5 2. Nf3 Nc6 3. Bb5 d6 4. O-O Bd7 5. Nc3 Nf6 6. Re1 a6 7. Bc4 Be7 8. d3
O-O 9. Bd2 Bg4 10. h3 Bxf3 11. Qxf3 Nd4 12. Qd1 b5 13. Bd5 c6 14. Bb3 a5 15. a3
Rb8 16. Ne2 c5 17. Nxd4 cxd4 18. c3 dxc3 19. Bxc3 a4 20. Bc2 Nd7 21. d4 Bf6 22.
d5 Nc5 23. b4 axb3 24. Bxb3 Nxb3 25. Qxb3 Qd7 26. f3 Rb7 27. Rab1 Rc8 28. a4
Rcb8 29. a5 b4 30. a6 Ra7 31. Ra1 Qc8 32. Reb1 Qxc3 33. Qxc3 h6 34. Rxb4 Rxb4
35. Qxb4 Bg5 36. Qb8+ Kh7 37. Qxa7 1-0

[Event "Julian Mazur Memorial"]
[Site "Wellington Chess Club"]
[Date "2013.11.21"]
[Round "5"]
[White "Marney, John"]
[Black "Sknar, Andrew"]
[Result "1-0"]
[WhiteElo "1600"]
[BlackElo "1370"]

1. e4 e5 2. Nf3 Nc6 3. d4 d5 4. exd5 Qxd5 5. Nc3 Bb4 6. dxe5 Qa5 7. Bd2 Nxe5 8.
Qe2 f6 9. O-O-O Bd7 10. Kb1 O-O-O 11. Ne4 Bb5 12. Qxb5 Nxf3 13. gxf3 a6 14.
Qxa5 Bxa5 15. Bd3 Bb6 16. Be3 f5 17. Bxb6 fxe4 18. Bxc7 Kxc7 19. fxe4 Nf6 20.
Rhg1 g6 21. b3 Rhe8 22. f3 Nh5 23. Rge1 Nf4 24. e5 Rd5 25. Re4 g5 26. Kb2 Red8
27. e6 Nxd3+ 28. Rxd3 Kd6 29. e7 Re8 30. Rxd5+ Kxd5 31. Kc3 Kd6 32. Kd4 Rxe7
33. Rxe7 Kxe7 34. Kc5 Ke6 35. Kb6 Ke5 36. Kxb7 Kf4 37. c4 Kxf3 38. c5 g4 39. c6
Kg2 40. c7 Kxh2 41. c8=Q g3 42. Qc7 h5 43. Qf4 h4 44. Qxh4+ Kg2 45. Kxa6 Kf2
46. Kb5 Kf3 47. Qf6+ Kg2 48. Kc4 Kg1 49. a4 g2 50. a5 Kh2 51. Qh4+ Kg1 52. a6
Kf1 53. Qh3 Kf2 54. Qxg2+ Kxg2 55. a7 1-0

[Event "Julian Mazur Memorial"]
[Site "Wellington Chess Club"]
[Date "2013.11.21"]
[Round "5"]
[White "Pandey, Alok"]
[Black "Forster, Bill"]
[Result "0-1"]
[WhiteElo "1901"]
[BlackElo "2071"]

1. d4 c5 2. d5 e5 3. e4 d6 4. Nc3 a6 5. a4 b6 6. Bd3 g6 7. Nf3 Bg7 8. O-O Ne7
9. Bg5 f6 10. Bh4 g5 11. Bxg5 fxg5 12. Nxg5 O-O 13. f4 h6 14. Ne6 Bxe6 15. dxe6
exf4 16. Nd5 Nxd5 17. exd5 Qg5 18. Qe2 Be5 19. Qe4 Ra7 20. c3 Rg7 21. Be2 a5
22. Qf3 Ra7 23. Kh1 Na6 24. Rg1 Nc7 25. Raf1 Raa8 26. Qh3 Rae8 27. g3 fxg3 28.
Rxf8+ Rxf8 29. e7 Qxe7 30. Qxh6 Qf6 31. Qh5 Qf5 32. Qh4 Rf6 33. Rf1 Qg6 34. Rg1
Ne8 35. Bh5 Qd3 36. Rd1 Rf1+ 37. Kg2 Rf2+ 38. Kg1 Qe3 39. Qg4+ Ng7 0-1

[Event "Julian Mazur Memorial"]
[Site "Wellington Chess Club"]
[Date "2013.11.21"]
[Round "5"]
[White "Pomeroy, Arthur"]
[Black "Farrington, Lawrence"]
[Result "1-0"]
[WhiteElo "2113"]
[BlackElo "1761"]

1. e4 e6 2. d4 d5 3. Nc3 Bb4 4. e5 Ne7 5. a3 Bxc3+ 6. bxc3 c5 7. Nf3 Nbc6 8. a4
cxd4 9. cxd4 Nf5 10. c3 O-O 11. Bd3 h6 12. O-O Na5 13. Nd2 b6 14. g4 Nh4 15. f4
f5 16. exf6 Qxf6 17. Ba3 Rf7 18. Bd6 Bd7 19. Be5 Qe7 20. Nf3 Nxf3+ 21. Qxf3 Nc6
22. Ra2 Nxe5 23. dxe5 Bc6 24. Bg6 Qc5+ 25. Raf2 Rc7 26. g5 Rf8 27. h4 Bb7 28.
Bc2 Rcf7 29. Qd3 Rf5 30. Qd4 R5f7 31. f5 Bc8 32. f6 Qxd4 33. cxd4 Ba6 34. Rd1
Rc7 35. g6 Rfc8 36. Rdd2 Rb8 37. Bd1 Rbb7 38. Bg4 Rc6 39. Rc2 Bc4 40. Rf3 Rbc7
41. Ra3 Ba6 42. Bxe6+ Kf8 43. Rxc6 Rxc6 44. Bxd5 Rc1+ 45. Kg2 Rd1 46. Re3 Rxd4
47. e6 1-0